Chamberlin Free Public Library Catalog

Chilton's import car manual, 1989 - 1993. (Record no. 28867)

MARC details
000 -LEADER
fixed length control field 00452nam a2200169u 4500
001 - CONTROL NUMBER
control field z9ilms b1181922
005 - DATE AND TIME OF LATEST TRANSACTION
control field 20160908123100.0
008 - FIXED-LENGTH DATA ELEMENTS--GENERAL INFORMATION
fixed length control field 941012
020 ## - INTERNATIONAL STANDARD BOOK NUMBER
International Standard Book Number 0801979102
040 ## - CATALOGING SOURCE
Original cataloging agency c f
245 10 - TITLE STATEMENT
Title Chilton's import car manual, 1989 - 1993.
260 ## - PUBLICATION, DISTRIBUTION, ETC. (IMPRINT)
Place of publication, distribution, etc Chilton Book Co., 1992.
Date of publication, distribution, etc 1992.
300 ## - PHYSICAL DESCRIPTION
Extent unpaged.
650 #0 - SUBJECT ADDED ENTRY--TOPICAL TERM
Topical term or geographic name as entry element Automobiles
General subdivision Maintenance and repair.
907 ## - LOCAL DATA ELEMENT G, LDG (RLIN)
a .b35483064
942 ## - ADDED ENTRY ELEMENTS (KOHA)
Source of classification or shelving scheme Dewey Decimal Classification
Koha item type NF
Holdings
Lost status Collection code Current library Shelving location Full call number Barcode Number Koha item type
  Nonfiction Chamberlin Free Public Library Nonfiction 629.28 CHI 34517000206543 NF